[Event "Beersheba"]
[Site "Beersheba"]
[Date "1987.??.??"]
[Round "?"]
[White "Rohde, Michael A"]
[Black "Rechlis, Gad"]
[Result "1-0"]
[WhiteElo "2530"]
[BlackElo "2445"]

1.e4 c5 2.Nc3 Nc6 3.g3 g6 4.Bg2 Bg7 5.d3 d6 6.Be3 e6 7.Nge2 Nd4 8.Qd2 Qa5
9.O-O Ne7 10.Nc1 O-O 11.Nb3 Qd8 12.Nd1 b6 13.c3 Nxb3 14.axb3 Bb7 15.Bh6 e5
16.Bxg7 Kxg7 17.f4 f6 18.Ne3 Qd7 19.f5 d5 20.Ng4 Ng8 21.Qe2 a5 22.Rad1 d4
23.h4 Qb5 24.cxd4 cxd4 25.Rc1 Rac8 26.fxg6 hxg6 27.h5 Qxb3 28.hxg6 Rxc1 29.Rxc1 Rc8
30.Qd2 Qb4 31.Qd1 Qxb2 32.Rb1 Qc2 33.Qf1 Qc5 34.Qf5 Rc7 35.Qh5 Bc8 36.Qh7+ Kf8
37.Nxf6 Nxf6 38.Qh8+ Ke7 39.Qg7+ Ke8 40.Qxf6 Qe7 41.Qh8+ Qf8 42.Qxe5+ Qe7
43.Qb5+ Qd7 44.g7 Kf7 45.Qg5 Kg8 46.Rxb6 Rc6 47.Rb5 Qf7 48.Rxa5 Rc2 49.Qd8+ Kxg7
50.Qxd4+ Kg6 51.Qe3 Qf6 52.e5 Rxg2+ 53.Kxg2 Bb7+ 54.Kg1  1-0

[Event "Beersheba"]
[Site "Beersheba"]
[Date "1987.??.??"]
[Round "?"]
[White "Farago, Ivan"]
[Black "Rohde, Michael A"]
[Result "1-0"]
[WhiteElo "2535"]
[BlackElo "2530"]

1.d4 Nf6 2.c4 e6 3.Nf3 b6 4.a3 Bb7 5.Nc3 d5 6.cxd5 Nxd5 7.Qc2 Nxc3 8.bxc3 c5
9.e4 Nd7 10.Bf4 Be7 11.Bd3 Qc8 12.Qb1 O-O 13.O-O Re8 14.Re1 Nf8 15.a4 Ng6
16.Bg3 Bd8 17.a5 bxa5 18.dxc5 e5 19.Bc4 Re7 20.Bd5 Rb8 21.Qd3 Qxc5 22.Nd2 Qc8
23.c4 Bc6 24.Rec1 Reb7 25.c5 Bg5 26.h4 Bxh4 27.Bxh4 Nxh4 28.g3 Ng6 29.Nc4 Rb3
30.Bxf7+ Kh8 31.Qe2 Bb5 32.Nd6 Bxe2 33.Nxc8 R3b4 34.Nd6 Ne7 35.c6 Rd4 36.c7 Rf8
37.Bd5 Bg4 38.Nf7+ Kg8 39.Nh6+ Kh8 40.Nxg4 Rc8 41.Be6  1-0

[Event "Beersheba"]
[Site "Beersheba"]
[Date "1987.??.??"]
[Round "?"]
[White "Birnboim, Nathan"]
[Black "Rohde, Michael A"]
[Result "1-0"]
[WhiteElo "2465"]
[BlackElo "2530"]

1.d4 Nf6 2.c4 e6 3.g3 c5 4.d5 exd5 5.cxd5 d6 6.Nc3 g6 7.Bg2 Bg7 8.Nf3 O-O
9.O-O a6 10.a4 Nbd7 11.Nd2 Rb8 12.Nc4 Ne8 13.Qb3 Qe7 14.a5 Ne5 15.Nb6 Nc7
16.e4 Bd7 17.f4 Ng4 18.e5 dxe5 19.h3 exf4 20.Bxf4 Ne5 21.Ne4 Bf5 22.Bg5 f6
23.Bxf6 Bxf6 24.d6+ Qe6 25.Nxf6+ Kg7 26.Qxe6 Nxe6 27.Nfd7 Nf7 28.Nxb8 Rxb8
29.Rae1 Nd4 30.Re7 Rd8 31.Bd5  1-0

[Event "Beersheba"]
[Site "Beersheba"]
[Date "1987.??.??"]
[Round "?"]
[White "Arnason, Jon L"]
[Black "Rohde, Michael A"]
[Result "0-1"]
[WhiteElo "2540"]
[BlackElo "2530"]

1.e4 e6 2.d4 d5 3.Nc3 Bb4 4.e5 Ne7 5.a3 Bxc3+ 6.bxc3 b6 7.h4 Ba6 8.Bxa6 Nxa6
9.h5 h6 10.Qd3 Nb8 11.Nf3 Nbc6 12.Nh4 Qd7 13.g4 O-O-O 14.f4 Rhg8 15.f5 f6
16.exf6 gxf6 17.Qf3 Rde8 18.Kd1 e5 19.Be3 exd4 20.cxd4 Na5 21.Ng6 Nec6 22.Bxh6 Nxd4
23.Qd3 Re4 24.Be3 Qa4 25.h6 Rge8 26.Bd2 Nc4 27.Ra2 Re2 28.h7 Rxd2+ 29.Qxd2 Nxd2
30.h8=Q Rxh8 31.Rxh8+ Kb7 32.Kxd2 Qc4 33.Ke3 Qe2+  0-1

[Event "USA-ch"]
[Site "Estes Park"]
[Date "1987.??.??"]
[Round "11"]
[White "Kudrin, Sergey"]
[Black "Rohde, Michael A"]
[Result "1-0"]
[WhiteElo "2515"]
[BlackElo "2550"]

1.e4 c5 2.Nf3 Nc6 3.d4 cxd4 4.Nxd4 Nf6 5.Nc3 e5 6.Ndb5 d6 7.Bg5 a6 8.Na3 b5
9.Bxf6 gxf6 10.Nd5 f5 11.c3 Bg7 12.exf5 Bxf5 13.Nc2 O-O 14.Nce3 Be6 15.Bd3 f5
16.Qh5 e4 17.Bc2 Ne7 18.Rd1 Ng6 19.g4 Nh4 20.gxf5 Bxf5 21.Nxf5 Rxf5 22.Qg4 h5
23.Qh3 Qg5 24.Ne3 Rf6 25.Bb3+ Kf8 26.Rd5 Qf4 27.Qg3 Qf3 28.Rf1 Qxg3 29.fxg3 Nf3+
30.Ke2 h4 31.gxh4 b4 32.Rh5 bxc3 33.bxc3 Rc8 34.Nd5 Rg6 35.Rf5+ Ke8 36.Ba4+ Kd8
37.Rf7 Rc4 38.Rd1 Kc8 39.Ne7+ Kb8 40.Rb1+  1-0

[Event "USA-op"]
[Site "Los Angeles"]
[Date "1987.??.??"]
[Round "2"]
[White "Colias, Billy"]
[Black "Rohde, Michael A"]
[Result "0-1"]
[WhiteElo "2245"]
[BlackElo "2550"]

1.e4 c5 2.Nf3 Nc6 3.d4 cxd4 4.Nxd4 Qc7 5.Nc3 e6 6.Be2 a6 7.O-O Nf6 8.Be3 Bb4
9.Nxc6 bxc6 10.Qd4 Bd6 11.f4 e5 12.Qd2 O-O 13.Kh1 Rb8 14.Rad1 exf4 15.Qxd6 Qxd6
16.Rxd6 fxe3 17.b3 Re8 18.Bf3 Re6 19.Rxe6 fxe6 20.e5 Nd5 21.Nxd5 cxd5 22.Re1 Rb5
23.Rxe3 Ra5 24.Rc3 Bb7 25.Rc7 Rxa2 26.Kg1 Bc6 27.c4 Kf7 28.cxd5 exd5 29.Bg4 Ke7
30.e6 Kd6 31.Rc8 dxe6 32.Bxe6 d4 33.Bc4 Rxg2+ 34.Kf1 Rxh2 35.Bxa6 h5 36.Rg8 Ra2
37.Bc4 h4 38.Rxg7 h3 39.Rg6+ Kc7 40.Rg7+ Kd6 41.Rg6+ Kc5 42.Be2 h2 43.b4+ Kxb4  0-1

[Event "New York op"]
[Site "New York"]
[Date "1987.??.??"]
[Round "?"]
[White "Zueger, Beat"]
[Black "Rohde, Michael A"]
[Result "0-1"]
[WhiteElo "2405"]
[BlackElo "2530"]

1.c4 Nf6 2.d4 e6 3.Nc3 Bb4 4.e3 O-O 5.Ne2 Re8 6.a3 Bf8 7.d5 exd5 8.cxd5 c5
9.g3 d6 10.Bg2 a6 11.O-O Bf5 12.b4 Nbd7 13.f3 cxb4 14.axb4 Ne5 15.e4 Qb6+
16.Kh1 Bd7 17.Rb1 Rac8 18.Rb3 Rc4 19.Ba3 g6 20.Qb1 Rec8 21.Bc1 Bg7 22.h3 R4c7
23.f4 Nc4 24.Qd3 Bb5 25.Qf3 Re7 26.g4 Nd7 27.Rd1 Qd8 28.Nxb5 axb5 29.g5 Ra8
30.Ng3 Ra1 31.Qf1 Re8 32.Be3 Nxe3 33.Rxe3 Rxd1 34.Qxd1 Nb6 35.h4 Nc4 36.Re2 Qb6
37.e5 dxe5 38.f5 Rd8 39.h5 Qd4 40.Qe1 Qh4+ 41.Kg1 Qxg5 42.hxg6 hxg6 43.fxg6 f5
44.Nxf5 Rf8 45.Nxg7 Kxg7 46.Qc3 Qxg6 47.Re4 Qb6+ 48.Kh2 Qh6+ 49.Kg1 Rf4 50.d6 Rxe4
51.Bxe4 Qxd6 52.Qg3+ Kf7 53.Qh4 Qf6 54.Qh5+ Kf8 55.Qe2 Qg5+ 56.Kh1 b6 57.Qd3 Qc1+
58.Kg2 Qd2+ 59.Qxd2 Nxd2 60.Bc6 Ke7 61.Bxb5 Kd6 62.Kf2 Ne4+ 63.Kf3 Nf6 64.Bf1 Nd5
65.b5 Nc3 66.Ke3 Kd5 67.Bg2+ e4 68.Bf1 Ke5 69.Bg2 Nd5+ 70.Kd2 Nf4 71.Bh1 Kd4
72.Kd1 Kd3 73.Ke1 e3 74.Bc6 e2 75.Ba8 Ke3  0-1

[Event "New York op"]
[Site "New York"]
[Date "1987.??.??"]
[Round "?"]
[White "Rohde, Michael A"]
[Black "Fishbein, Alexander"]
[Result "1/2-1/2"]
[WhiteElo "2530"]
[BlackElo "2410"]

1.Nf3 Nf6 2.c4 c5 3.Nc3 b6 4.e3 g6 5.d4 Bg7 6.g3 O-O 7.Bg2 Bb7 8.d5 d6 9.O-O e6
10.e4 exd5 11.exd5 Re8 12.Bf4 a6 13.Qd2 Qc7 14.Ng5 Nbd7 15.Nge4 Nxe4 16.Nxe4 Ne5
17.b3 b5 18.cxb5 axb5 19.Bh6 f5 20.Nc3 b4 21.Na4 Nc4 22.bxc4 Bxa1 23.Rxa1 Rxa4
24.Qc2 Ra3 25.Bf1 Qd7 26.Bc1 Ra7 27.h4 Qe7 28.h5 Qe4 29.Bd3 Qe1+ 30.Kg2 Qc3
31.hxg6 hxg6 32.Qxc3 bxc3 33.Bf4 Ra6 34.Rc1 Rd8 35.Rxc3 Rxa2 36.Rb3 Rd7 37.g4 fxg4
38.Bxg6 Kg7 39.Be8 Re7 40.Bxd6 Bxd5+ 41.cxd5 Rxe8 42.Bxc5 Rd2  1/2-1/2

[Event "New York op"]
[Site "New York"]
[Date "1987.??.??"]
[Round "?"]
[White "Rohde, Michael A"]
[Black "Christiansen, Larry Mark"]
[Result "1/2-1/2"]
[WhiteElo "2530"]
[BlackElo "2575"]

1.e4 c6 2.c4 d5 3.cxd5 cxd5 4.exd5 Qxd5 5.Nc3 Qd6 6.d4 Nf6 7.g3 Bg4 8.Qb3 Qb6
9.Bb5+ Bd7 10.Be3 Bxb5 11.d5 Qa5 12.Qxb5+ Qxb5 13.Nxb5 Nxd5 14.O-O-O e6 15.Rxd5 exd5
16.Nc7+ Kd7 17.Nxa8 Nc6 18.Nf3 Be7 19.Rd1 Rxa8 20.Rxd5+ Ke6 21.Rb5 Rc8 22.Kb1 b6
23.Ng5+ Bxg5 24.Rxg5 g6 25.Rb5 Ne5 26.h3 Nc4 27.Bc1 f5 28.Rb3 Rc5 29.Bf4 b5
30.Rc3 b4 31.Rc2 a5 32.Kc1 a4 33.b3 axb3 34.axb3 Na5 35.Kb2 Kd5 36.Rxc5+ Kxc5
37.Kc2 Kd4 38.Be3+ Ke4 39.Bc5 Nc6 40.Kd2 g5 41.Ke2 g4 42.hxg4 fxg4 43.Bf8 Nd4+
44.Kf1 Nc2 45.Ke2 h5 46.Bc5 Kd5 47.Bf8 Ke4 48.Bc5 Na1 49.Bxb4 Nxb3 50.Bc3  1/2-1/2

[Event "New York op"]
[Site "New York"]
[Date "1987.??.??"]
[Round "?"]
[White "Portisch, Lajos"]
[Black "Rohde, Michael A"]
[Result "1/2-1/2"]
[WhiteElo "2610"]
[BlackElo "2530"]

1.d4 d6 2.c4 e5 3.Nf3 Nc6 4.d5 Nce7 5.Nc3 Ng6 6.g3 Be7 7.h4 Nf6 8.e4 c6 9.Be2 a6
10.h5 Nf8 11.Nh4 cxd5 12.cxd5 h6 13.Be3 b5 14.Qd3 N8h7 15.Kf1 O-O 16.Kg2 Ng4
17.Bxg4 Bxg4 18.Nf5 Bg5 19.f3 Bxf5 20.exf5 Bxe3 21.Qxe3 Rc8 22.Rac1 Nf6 23.Ne4 Nxd5
24.Qd2 Rxc1 25.Rxc1 Nf6 26.Rc6 Nxe4 27.fxe4 Qa8 28.Qxd6 Rc8 29.Rxc8+ Qxc8
30.Qxe5 Qc4  1/2-1/2

[Event "New York op"]
[Site "New York"]
[Date "1987.??.??"]
[Round "?"]
[White "Olafsson, Helgi"]
[Black "Rohde, Michael A"]
[Result "0-1"]
[WhiteElo "2555"]
[BlackElo "2530"]

1.d4 Nf6 2.Nf3 d6 3.c4 c6 4.Nc3 Bf5 5.g3 Nbd7 6.Nh4 Bg4 7.h3 Bh5 8.g4 Bg6
9.Bg2 e6 10.Nxg6 hxg6 11.e3 d5 12.cxd5 exd5 13.g5 Nh5 14.h4 Nb6 15.b3 Bb4
16.Bd2 Qe7 17.Ne2 Nc8 18.Bxb4 Qxb4+ 19.Qd2 Qe7 20.O-O-O Nd6 21.Qc2 a5 22.Nc3 O-O
23.Bf3 b5 24.Rdg1 a4 25.Kd2 axb3 26.axb3 f5 27.Ra1 Rac8 28.Kc1 Ng3 29.Rg1 Nge4
30.Nxe4 dxe4 31.Be2 c5 32.dxc5 Qe5 33.Kb1 Rxc5 34.Qb2 Rc3 35.Rc1 b4 36.Rxc3 bxc3
37.Qa3 Qd5 38.Ra2 Rb8 39.Kc1 Kh7 40.Bd1 Nb5 41.Qb4 Rd8 42.Be2 Ra8 43.Bc4 Qd8
44.Qe7 Qxe7 45.Rxa8 Nc7 46.Bg8+ Kh8 47.Rc8 Ne8  0-1

[Event "Philadelphia op"]
[Site "Philadelphia"]
[Date "1987.??.??"]
[Round "?"]
[White "Rohde, Michael A"]
[Black "Root, Douglas"]
[Result "0-1"]
[WhiteElo "2460"]
[BlackElo "2410"]

1.e4 e6 2.d4 d5 3.e5 c5 4.c3 Nc6 5.Nf3 Qb6 6.a3 c4 7.g3 Bd7 8.Bh3 Na5 9.Nbd2 Ne7
10.O-O Qc6 11.a4 Qc7 12.Ne1 O-O-O 13.b4 cxb3 14.Ba3 Nec6 15.Bxf8 Rdxf8 16.Nxb3 Kb8
17.Nd3 Rc8 18.Nbc5 Ka8 19.Qg4 Rcg8 20.Rfb1 Bc8 21.Nb4 b6 22.Nca6 Bxa6 23.Nxa6 Qc8
24.Bf1 Qd7 25.Bb5 Qb7 26.Nb4 Nb8 27.Bf1 h5 28.Qf3 Rc8 29.h4 Rc7 30.Bg2 g6
31.Nxd5 exd5 32.Qxd5 Qxd5 33.Bxd5+ Nbc6 34.Rb5 Nb7 35.Re1 Re8 36.Re3 Kb8
37.Rf3 Ncd8 38.c4 Ne6 39.Rd3 Rd8 40.f4 Kc8 41.Kf2 Na5 42.Rb4 Nc6 43.Bxc6 Rxc6
44.d5 Rc5 45.Ke3 Ng7 46.Ke4 Kb7 47.Rdb3 Rdc8 48.d6 Rxc4+ 49.Rxc4 Rxc4+ 50.Kd5 Rxa4
51.f5 Nxf5  0-1

[Event "Philadelphia op"]
[Site "Philadelphia"]
[Date "1987.??.??"]
[Round "?"]
[White "Rohde, Michael A"]
[Black "Thorsteins, Karl"]
[Result "1-0"]
[WhiteElo "2460"]
[BlackElo "2445"]

1.e4 c5 2.Nf3 e6 3.Nc3 d6 4.d4 cxd4 5.Nxd4 Nf6 6.g4 Be7 7.g5 Nfd7 8.Rg1 O-O
9.Be3 Nc6 10.h4 a6 11.h5 Nde5 12.Nxc6 Nxc6 13.Qd2 b5 14.O-O-O Qa5 15.Kb1 Bb7
16.g6 b4 17.Ne2 b3 18.gxh7+ Kxh7 19.Qxa5 bxc2+ 20.Kxc2 Nxa5 21.Nc3 Rac8 22.Bd3 Nc4
23.e5+ Kh8 24.Bxc4 Rxc4 25.exd6 Bf6 26.Kb3 Rh4 27.Bg5 Rxh5 28.Bxf6 gxf6 29.d7 Rd8
30.Rd6 Rg5 31.Rxg5 fxg5 32.Kc4 Kg7 33.Kc5 Kf6 34.Kb6 Ke7 35.Kc7 g4 36.Rd2 Bf3
37.Na4  1-0

[Event "San Francisco"]
[Site "San Francisco"]
[Date "1987.??.??"]
[Round "?"]
[White "Adianto, Utut"]
[Black "Rohde, Michael A"]
[Result "1/2-1/2"]
[WhiteElo "2510"]
[BlackElo "2550"]

1.d4 Nf6 2.Nf3 b6 3.e3 Bb7 4.c4 c5 5.Nc3 cxd4 6.exd4 g6 7.Be2 Bg7 8.O-O d5
9.Ne5 O-O 10.Bf3 Na6 11.Re1 Nc7 12.Bg5 Rb8 13.Qe2 a6 14.Rad1 b5 15.cxb5 axb5
16.b4 Nfe8 17.Ng4 f6 18.Bf4 e6 19.h4 Bc8 20.Qd2 Nd6 21.h5 g5 22.h6 Bh8 23.Bxd6 Qxd6
24.Ne5 Rb6 25.Bh5 Qd8 26.Nf3 Bd7 27.Rc1 Be8 28.Bxe8 Rxe8 29.a4 g4 30.Nh2 f5
31.Qf4 Bf6 32.Nxb5 Nxb5 33.axb5 Bg5 34.Qe5 Bf6 35.Qf4 Bg5 36.Qe5 Bf6 37.Qf4  1/2-1/2

[Event "San Francisco"]
[Site "San Francisco"]
[Date "1987.??.??"]
[Round "?"]
[White "Rohde, Michael A"]
[Black "Verduga, Denis Homero"]
[Result "1/2-1/2"]
[WhiteElo "2550"]
[BlackElo "2435"]

1.e4 c5 2.Nf3 d6 3.d4 cxd4 4.Nxd4 Nf6 5.Nc3 a6 6.Be3 e6 7.Qd2 b5 8.f3 Bb7
9.g4 h6 10.O-O-O Nbd7 11.Rg1 b4 12.Na4 Qa5 13.b3 Rc8 14.g5 hxg5 15.Rxg5 Qc7
16.Bd3 d5 17.Bf4 Bd6 18.Bxd6 Qxd6 19.Qe3 dxe4 20.fxe4 Qxh2 21.Nf3 Qc7 22.Rxg7 Rh3
23.Qe2 Qf4+ 24.Nd2 Rxd3 25.Qxd3 Bxe4 26.Rg8+ Nf8 27.Rf1 Bxd3 28.Rxf8+ Kxf8
29.Rxf4 Nd5 30.Rd4 Rxc2+ 31.Kd1 Bg6 32.Nc4 Rxa2 33.Nc5 a5 34.Rd2 Ra1+ 35.Ke2 Rc1
36.Kf2 Kg7 37.Kg3 Nb6 38.Nxe6+ fxe6 39.Nxb6 Rc3+ 40.Kf4 Rxb3 41.Nc4 a4 42.Rd7+ Kf6
43.Ne5 Bh5 44.Rh7 Be8 45.Ra7 a3 46.Ng4+ Kg6 47.Ne5+ Kh6 48.Ng4+ Kh5 49.Nf6+ Kg6
50.Nxe8 Rc3 51.Nd6 b3 52.Rxa3 b2 53.Rxc3 b1=Q 54.Rg3+ Kf6 55.Ne4+ Kf7 56.Rc3 Qb8+
57.Ke3 e5 58.Rd3 Qb6+ 59.Kf3 Qg6 60.Re3 Ke6 61.Re2 Qh5+ 62.Ke3 Qh3+ 63.Kd2 Qa3
64.Re3 Qb2+ 65.Kd3 Qd4+ 66.Ke2 Kf5 67.Ng3+ Kf4 68.Rf3+ Kg4 69.Re3 Qc4+ 70.Kf2 Qf7+
71.Ke2 Qa2+ 72.Kd3 Qb1+ 73.Kd2 Qb2+ 74.Kd3 Qg2 75.Ne4 Qf1+ 76.Kd2 Kf4 77.Nc3 Qf2+
78.Ne2+ Kf5 79.Kd3 Ke6 80.Kd2 Kd5 81.Kd3 Qf5+ 82.Kd2 Qg4 83.Kd3 Qg6+ 84.Kd2 Qh6
85.Nc3+ Kd4 86.Ne2+ Kc4 87.Ng3 e4 88.Ne2 Kd5 89.Nc3+ Ke5 90.Ne2 Qb6 91.Rc3 Qb2+
92.Ke3 Qb4 93.Kf2 Qb6+ 94.Re3 Kf5 95.Ng3+ Kf4 96.Ne2+ Kg4  1/2-1/2

[Event "San Francisco"]
[Site "San Francisco"]
[Date "1987.??.??"]
[Round "?"]
[White "Rohde, Michael A"]
[Black "Spraggett, Kevin"]
[Result "1-0"]
[WhiteElo "2550"]
[BlackElo "2570"]

1.e4 c5 2.Nf3 e6 3.Nc3 a6 4.d4 cxd4 5.Nxd4 Qc7 6.Bd3 Nc6 7.Nxc6 bxc6 8.O-O Nf6
9.f4 d5 10.Qf3 Be7 11.b3 O-O 12.Bb2 Rd8 13.e5 Nd7 14.Qh3 g6 15.Nd1 c5 16.c4 Nb6
17.Nf2 dxc4 18.bxc4 Bb7 19.Ng4 h5 20.Nh6+ Kg7 21.f5 Qc6 22.fxg6 Kxh6 23.Rxf7 Rxd3
24.Rh7+  1-0

[Event "San Francisco"]
[Site "San Francisco"]
[Date "1987.??.??"]
[Round "?"]
[White "Rohde, Michael A"]
[Black "Leski, Marc"]
[Result "1/2-1/2"]
[WhiteElo "2550"]
[BlackElo "2390"]

1.e4 d6 2.d4 Nf6 3.Nc3 g6 4.Nf3 Bg7 5.h3 O-O 6.Be3 c6 7.a4 Nbd7 8.a5 e5 9.dxe5 dxe5
10.Bc4 Qe7 11.O-O Nc5 12.Ng5 Ne6 13.Nxe6 Bxe6 14.Qe2 Nh5 15.Bxe6 Qxe6 16.Bc5 Rfd8
17.Rfd1 Nf4 18.Qe3 Bh6 19.Qf3 Bg5 20.Rxd8+ Bxd8 21.Be3 Bc7 22.b3 Qe7 23.a6 b6
24.Rd1 Re8 25.Qg4 Ne6 26.Qe2 Qb4 27.Bd2 Nd4 28.Qd3 Qc5 29.Kf1 Rd8 30.Bg5 Re8
31.Be3 Rd8 32.Bg5 Re8 33.Be3 Rd8 34.Bg5  1/2-1/2

[Event "San Francisco"]
[Site "San Francisco"]
[Date "1987.??.??"]
[Round "?"]
[White "Rohde, Michael A"]
[Black "Browne, Walter S"]
[Result "1-0"]
[WhiteElo "2550"]
[BlackElo "2505"]

1.d4 Nf6 2.c4 e6 3.g3 c5 4.d5 exd5 5.cxd5 d6 6.Bg2 g6 7.Nf3 Bg7 8.Nc3 O-O
9.O-O a6 10.a4 Nbd7 11.Nd2 Ne8 12.Nc4 Nb6 13.Nxb6 Qxb6 14.Bd2 Qc7 15.Rb1 Bd7
16.Qc1 b5 17.axb5 axb5 18.b4 c4 19.Bh6 Bxh6 20.Qxh6 Nf6 21.Qe3 Ng4 22.Qd4 Qa7
23.Qf4 Qb6 24.h3 Ne5 25.Ne4 Bf5 26.Nf6+ Kg7 27.Nh5+ Kh8 28.Be4 Rg8 29.Bxf5 gxh5
30.Ra1 Ra4 31.Bc2 Rxa1 32.Qf6+ Rg7 33.Rxa1 Qb8 34.Ra6 Nd7 35.Qxd6 Qxd6 36.Rxd6 f6
37.Bf5 Ne5 38.Rxf6 Rf7 39.Rxf7 Nxf7 40.Kf1 Nd6 41.Bc2  1-0

[Event "US op"]
[Site "Boston"]
[Date "1988.??.??"]
[Round "?"]
[White "Nute, Gary A"]
[Black "Rohde, Michael A"]
[Result "0-1"]
[WhiteElo "2205"]
[BlackElo "2555"]

1.c4 e5 2.Nc3 Bb4 3.Nf3 Nc6 4.g3 Nf6 5.Nd5 e4 6.Nh4 O-O 7.Bg2 Re8 8.Nf5 d6
9.Nfe3 Bc5 10.O-O Nxd5 11.Nxd5 Bg4 12.h3 Be6 13.a3 Ne5 14.d4 exd3 15.exd3 c6
16.Nf4 Bd4 17.Ne2 Qb6 18.a4 a5 19.Ra3 Bc5 20.Ra1 Ng6 21.d4 Bb4 22.Qc2 Qa6
23.b3 d5 24.cxd5 Bxd5 25.Nc3 Bxg2 26.Kxg2 Rad8 27.Rd1 h6 28.Ne4 Ne7 29.Bd2 Nd5
30.Nc5 Qe2 31.Qc1 b6 32.Nb7 Rb8 33.Bxb4 axb4 34.Nd6 Ne3+ 35.Kg1 Qf3 36.fxe3 Qxg3+  0-1

[Event "Nassau-ch"]
[Site "Nassau"]
[Date "1988.??.??"]
[Round "4"]
[White "Braun, Leslie"]
[Black "Rohde, Michael A"]
[Result "0-1"]
[WhiteElo "2300"]
[BlackElo "2555"]

1.d4 Nf6 2.Nc3 d5 3.Bg5 Nbd7 4.f3 h6 5.Bh4 c5 6.e4 cxd4 7.Bxf6 exf6 8.Qxd4 Bc5
9.Qxd5 Qb6 10.Bc4 O-O 11.O-O-O Ne5 12.Na4 Be3+ 13.Kb1 Qc7 14.Bb3 Be6 15.Qb5 Rad8
16.Ne2 a6 17.Qb4 b5 18.Bxe6 fxe6 19.Nac3 Nc4 20.Rxd8 Rxd8 21.Rd1 Nd2+ 22.Rxd2 Rxd2
23.a4 Qc4 24.Qe7 b4 25.Qe8+ Kh7 26.b3 Qc7 27.Qxe6 bxc3 28.Qf5+ Kh8 29.e5 Qxe5
30.Qc8+ Kh7 31.Qxa6 Bc5 32.Ng3 Qe1+  0-1

[Event "Nassau-ch"]
[Site "Nassau"]
[Date "1988.??.??"]
[Round "6"]
[White "Bonin, Jay R"]
[Black "Rohde, Michael A"]
[Result "1/2-1/2"]
[WhiteElo "2385"]
[BlackElo "2555"]

1.d4 Nf6 2.c4 e6 3.Nf3 Bb4+ 4.Bd2 a5 5.g3 d6 6.Bg2 Nbd7 7.O-O e5 8.Nc3 O-O
9.Rc1 Re8 10.Bg5 exd4 11.Nxd4 h6 12.Bxf6 Nxf6 13.Na4 Rb8 14.a3 Bc5 15.e3 Bg4
16.Qd2 Qd7 17.Nxc5 dxc5 18.Nb3 Qxd2 19.Nxd2 Rbd8 20.Nb1 c6 21.f3 Be6 22.Rfe1 Nd7
23.f4 Nb6 24.Nc3 Nxc4 25.Na4 Nd2 26.Nxc5 Nb3 27.Nxe6 Rxe6 28.Rc3 a4 29.Rc4 Ra8
30.Rb4 Nc5 31.Rb6 Rd8 32.Re2 Rd1+ 33.Kf2 Rc1 34.e4 f6 35.Ke3 Rc4 36.Rb4 Rxb4
37.axb4 Na6 38.Rc2 b5 39.Bh3 Rd6 40.e5 fxe5 41.fxe5 Rd8 42.Rxc6 Nxb4 43.Rc5 Rb8
44.Bd7 Kf8 45.Rxb5 Nc2+ 46.Kd2 Rxb5 47.Bxb5 Nd4 48.Bxa4 Nf3+ 49.Ke3 Nxe5
50.Ke4 Ng4 51.h4 Nf2+ 52.Ke3 Ng4+ 53.Kf4 Nf6 54.Bc6 Ke7 55.b4 Nh5+ 56.Kg4 g6
57.b5 Kd6 58.Be4 Nf6+ 59.Kf4 g5+ 60.hxg5 hxg5+ 61.Kf5 Nh5 62.Kg4 Nf6+ 63.Kf3 Kc5
64.Bd3 Kd5 65.Be2 Kd6 66.Ke3 Kc5 67.Kf2 Kd5 68.Bf3+ Kc5 69.Bc6 Kb6  1/2-1/2

[Event "Nassau-ch"]
[Site "Nassau"]
[Date "1988.??.??"]
[Round "8"]
[White "Rohde, Michael A"]
[Black "Reyes, Romuel"]
[Result "1-0"]
[WhiteElo "2555"]
[BlackElo "2320"]

1.d4 f5 2.Nc3 Nf6 3.Bg5 d5 4.Bxf6 exf6 5.e3 c6 6.Bd3 g6 7.h4 h5 8.Nh3 Bd6
9.Qf3 Be6 10.Nf4 Bf7 11.Rh3 Nd7 12.O-O-O Qc7 13.Rg3 Bxf4 14.Qxf4 Qxf4 15.exf4 O-O-O
16.Re3 Rde8 17.Rde1 Rxe3 18.fxe3 Kc7 19.b3 Nb6 20.Nb1 Nc8 21.c4 Nd6 22.Nd2 Kd7
23.c5 Ne8 24.b4 b5 25.cxb6 axb6 26.a4 Nd6 27.a5 Ra8 28.Nb3 Nc4 29.Kc2 Kd6
30.Kc3 bxa5 31.bxa5 Be6 32.Bxc4 dxc4 33.Nc5 Bd5 34.Rb1 Ra7 35.a6 Kc7 36.g3 Bf7
37.Kb4 Kb6 38.Ka4+ Kc7 39.Ka5 Bd5 40.Rb7+ Rxb7 41.axb7 c3 42.Ka6 c2 43.Ka7  1-0

[Event "Nassau-ch"]
[Site "Nassau"]
[Date "1988.??.??"]
[Round "9"]
[White "Ritter, Mark"]
[Black "Rohde, Michael A"]
[Result "0-1"]
[WhiteElo "2245"]
[BlackElo "2555"]

1.d4 Nf6 2.Nf3 d6 3.Nbd2 Bf5 4.e3 g6 5.b3 Bg7 6.Bb2 O-O 7.Bd3 Bxd3 8.cxd3 c6
9.O-O a5 10.Qc2 Na6 11.a3 Nc7 12.Nc4 Ra6 13.Qd2 a4 14.b4 Nb5 15.Rac1 Ne8
16.e4 Nec7 17.Ne3 Bh6 18.Qd1 d5 19.Ng4 Bxc1 20.Qxc1 f6 21.Qh6 Nd6 22.Re1 Nf7
23.Qh3 Qc8 24.Qg3 Ne6 25.Bc1 Kg7 26.Ne3 Qd7 27.h4 h5 28.e5 Nh6 29.exf6+ exf6
30.Qh3 Re8 31.Bd2 Raa8 32.g4 hxg4 33.Nxg4 Nf4 34.Bxf4 Qxg4+ 35.Qxg4 Rxe1+
36.Nxe1 Nxg4 37.Nc2 Re8 38.Kf1 Nh6 39.Ne3 Nf7 40.Kg2 Nd8 41.Bg3 Kf7 42.Kf3 Ne6
43.Nc2 Rh8 44.Kg2 Ng7 45.Ne3 Ke6 46.f3 Nf5 47.Nxf5 Kxf5 48.Kf1 g5 49.hxg5 fxg5
50.Kg2 g4 51.fxg4+ Kxg4 52.Be5 Rh3  0-1

[Event "Nassau-ch"]
[Site "Nassau"]
[Date "1988.??.??"]
[Round "10"]
[White "Rohde, Michael A"]
[Black "La Flair, Roger"]
[Result "1/2-1/2"]
[WhiteElo "2555"]
[BlackElo "2265"]

1.Nf3 Nf6 2.c4 c5 3.Nc3 Nc6 4.d4 cxd4 5.Nxd4 g6 6.e4 Nxd4 7.Qxd4 d6 8.Bg5 Bg7
9.Qd2 O-O 10.f3 Be6 11.Rc1 a6 12.Be2 Rb8 13.O-O b5 14.cxb5 axb5 15.b4  1/2-1/2

[Event "National op"]
[Site "?"]
[Date "1988.??.??"]
[Round "?"]
[White "Rohde, Michael A"]
[Black "Bonin, Jay R"]
[Result "0-1"]
[WhiteElo "2555"]
[BlackElo "2385"]

1.e4 e6 2.d4 d5 3.Nc3 Nf6 4.e5 Nfd7 5.f4 c5 6.Nf3 Nc6 7.Be3 Qb6 8.Na4 Qa5+
9.c3 cxd4 10.b4 Nxb4 11.cxb4 Bxb4+ 12.Bd2 Bxd2+ 13.Nxd2 b6 14.Bd3 Ba6 15.Nb2 Nc5
16.Bxa6 Qxa6 17.Nb3 Rc8 18.Nxd4 Ne4 19.Qd3 Qa5+ 20.Kf1 O-O 21.Nd1 Rc4 22.Nb3 Qb4
23.g3 Rfc8 24.Kg2 Rc2+ 25.Kh3 h5 26.Qe3 R8c3 27.Nxc3 Nf2+ 28.Qxf2 Rxf2 29.Nd1 Re2
30.Rf1 a5 31.Nc1 Rd2 32.Nb3 Rc2 33.Ne3 Re2 34.Ng2 Qe4  0-1

[Event "National op"]
[Site "?"]
[Date "1988.??.??"]
[Round "?"]
[White "Rohde, Michael A"]
[Black "Puri, Vinny"]
[Result "1-0"]
[WhiteElo "2555"]
[BlackElo "2285"]

1.Nf3 Nf6 2.c4 e6 3.Nc3 d5 4.d4 Be7 5.Bg5 Nbd7 6.e3 O-O 7.cxd5 exd5 8.Qc2 c6
9.Bd3 Re8 10.O-O Nf8 11.Rae1 g6 12.Ne5 Ne6 13.f4 Nc7 14.h3 Nd7 15.Bxe7 Qxe7
16.e4 dxe4 17.Nxe4 Kf8 18.Nxf7 Qxf7 19.Ng5 Qg8 20.Bc4 Qh8 21.Nf7 Qg8 22.Nd6 Qh8
23.Nxe8 Nxe8 24.Qe4  1-0

[Event "New York op"]
[Site "New York"]
[Date "1988.??.??"]
[Round "?"]
[White "Groszpeter, Attila"]
[Black "Rohde, Michael A"]
[Result "1-0"]
[WhiteElo "2495"]
[BlackElo "2555"]

1.d4 Nf6 2.c4 e6 3.Nc3 Bb4 4.e3 O-O 5.Bd3 d5 6.Ne2 dxc4 7.Bxc4 e5 8.O-O Nc6
9.d5 Ne7 10.e4 Ng6 11.a3 Bc5 12.b4 Bb6 13.Bg5 Bd7 14.Qd2 h6 15.Be3 Nh5 16.Bc5 Nh4
17.f4 exf4 18.Nxf4 Qg5 19.Ra2 a5 20.Nd3 axb4 21.Qxg5 hxg5 22.axb4 Rxa2 23.Bxa2 Rc8
24.Ne5 Be8 25.g3 f6 26.d6+ Kh8 27.d7 Bxc5+ 28.bxc5 Bxd7 29.Nxd7 Ng6 30.Bf7 Kh7
31.e5 fxe5 32.Bxg6+ Kxg6 33.Nxe5+ Kh6 34.Ne4 Re8 35.Nf7+ Kg6 36.Nfxg5 Re5
37.h4 Nf6 38.Nxf6 gxf6 39.Nh3 Rxc5 40.Nf4+ Kf7 41.Rd1 b5 42.h5 b4 43.Rd7+ Ke8
44.Rd3 f5 45.Re3+ Kf7 46.h6 Rc6 47.Re5 Kg8 48.Rxf5 Kh7 49.Rb5 Rc4 50.Kf2 c6
51.Rb6 Kxh6 52.Nd3 Rc2+ 53.Ke3 Kg5 54.Rxb4 c5 55.Rf4 Rc3 56.Kd2 Ra3 57.Rc4 Kf5
58.Ke2 Rb3 59.Rf4+ Kg5 60.Rc4 Kf5 61.g4+ Kg5 62.Nxc5  1-0

[Event "New York op"]
[Site "New York"]
[Date "1988.??.??"]
[Round "?"]
[White "Garcia Gonzales, Guillermo"]
[Black "Rohde, Michael A"]
[Result "1-0"]
[WhiteElo "2485"]
[BlackElo "2555"]

1.d4 Nf6 2.Nf3 d6 3.c4 g6 4.Nc3 Bf5 5.Bg5 Bg7 6.e3 h6 7.Bh4 O-O 8.h3 c5 9.Bd3 Bxd3
10.Qxd3 Nc6 11.O-O cxd4 12.Nxd4 Nh5 13.f4 Qd7 14.Nde2 Rac8 15.b3 a6 16.Rac1 Nb4
17.Qd2 b5 18.a3 Nc6 19.Nd5 Rce8 20.cxb5 axb5 21.Qc2 Nb8 22.Qc7 Qe6 23.Qb7 Nd7
24.Qxb5 Rb8 25.Qc4 g5 26.fxg5 Ne5 27.Nd4 Nxc4 28.Nxe6 fxe6 29.Nxe7+ Kh8 30.Rxc4 d5
31.Rxf8+ Bxf8 32.Rc7 hxg5 33.Bxg5 Bg7 34.Rc8+ Rxc8 35.Nxc8 Ng3 36.Nd6 d4
37.Kf2 d3 38.e4 Bf8 39.Nf7+ Kg7 40.Kxg3 Kxf7 41.b4 Kg6 42.Bd2 Bg7 43.Kf3  1-0

[Event "New York op"]
[Site "New York"]
[Date "1988.??.??"]
[Round "?"]
[White "Lein, Anatoly"]
[Black "Rohde, Michael A"]
[Result "1/2-1/2"]
[WhiteElo "2475"]
[BlackElo "2555"]

1.d4 Nf6 2.Nf3 d6 3.Nc3 Bf5 4.e3 g6 5.Bd3 Bxd3 6.cxd3 c6 7.Qb3 Qb6 8.Qc2 Bg7
9.O-O O-O 10.h3 Na6 11.a3 c5 12.d5 Nc7 13.e4 Nb5 14.Nxb5 Qxb5 15.Bd2 Rac8
16.Bc3 c4 17.d4 Bh6 18.g4 Qd7 19.Ne1 e6 20.dxe6 fxe6 21.Ng2 d5 22.f3 dxe4
23.fxe4 Qc7 24.Qe2 Nd7 25.g5 Bg7 26.e5 Qc6 27.Qg4 Nb6 28.Rf6 Nd5 29.Rxe6 Qd7
30.Rf6 Qxg4 31.hxg4 Bxf6 32.gxf6 g5 33.Kf2 Nxf6 34.exf6 Rxf6+ 35.Kg3 Rcf8
36.Re1 Rf3+ 37.Kh2 Rd3 38.Re5 h6 39.Rc5 Rff3 40.Rxc4 Rh3+ 41.Kg1 Rhg3 42.d5 Rde3
43.Rc8+ Kf7 44.Rc7+ Kf8 45.Bg7+ Kg8 46.Bd4 Re2 47.Bf2 Rd3 48.Rxb7 Rxd5 49.Rb8+ Kf7
50.Rb3 Rd1+  1/2-1/2